书目信息 |
| 题名: |
农村小型水电站
|
|
| 作者: | 华北电力学院《农村小型水电站》编写组 编 ;广西壮族自治区中小学教材编写组 编 | |
| 分册: | ||
| 出版信息: | 上海 上海人民出版社 1973 |
|
| 页数: | 402页 | |
| 开本: | 19cm | |
| 丛书名: | ||
| 单 册: | ||
| 中图分类: | TV742 | |
| 科图分类: | ||
| 主题词: | 水力发电站--各种--建筑 , 水力发电站--各种--设备 | |
| 电子资源: | ||
| ISBN: | ||
| 000 | 00922nam0 2200265 45 | |
| 001 | 0177002567 | |
| 005 | 20040514091007.0 | |
| 010 | @dCNY0.87 | |
| 091 | @a15171.100 | |
| 100 | @a19951018d1973 em y0chiy0121 ea | |
| 101 | 0 | @achi |
| 102 | @aCN@b450000 | |
| 105 | @ay z 000yy | |
| 106 | @ar | |
| 200 | 10 | @a农村小型水电站@Anong cun xiao xing shui dian zhan@f华北电力学院《农村小型水电站》编写组编@FHua Bei Dian Li Xue Yuan《Nong Cun Xiao Xing Shui Dian Zhan》Bian Xie Zu Bian |
| 210 | @a上海@c上海人民出版社@d1973 | |
| 215 | @a402页@d19cm | |
| 606 | 0 | @a水力发电站@x各种@x建筑 |
| 606 | 0 | @a水力发电站@x各种@x设备 |
| 690 | @aTV742 | |
| 701 | 0 | @a华北电力学院《农村小型水电站》编写组@4编 |
| 711 | 02 | @a广西壮族自治区中小学教材编写组@Aguang xi zhuang zu zi zhi qu zhong xiao xue jiao cai bian xie zu@4编 |
| 801 | 0 | @aCN@b广东省中山图书馆@c20040514 |
| 801 | 2 | @aCN@bNLC@c20040514 |
| 905 | @f1@b10018@dTV742@e3 | |
| 农村小型水电站/华北电力学院《农村小型水电站》编写组编.-上海:上海人民出版社,1973 |
| 402页;19cm |
| ISBN :CNY0.87 |
| ● |
| 相关链接 |
|
|
|
|
正题名:农村小型水电站
索取号:TV742/3
 
预约/预借
| 序号 | 登录号 | 条形码 | 馆藏地/架位号 | 状态 | 备注 |
| 1 | 0010018 | 001483987 | 第三借阅区/ [索取号:TV742/3] | 在馆 |